Les stations des lignes 7 et 7bis du métro parisien - Mort subite - Statistiques

Statistiques générales
  • Ce quiz a été pris 136 fois
  • Le résultat moyen est 9 sur 18
Answers on the Grid
Answers color-coded by a green-red scale on the quiz's grid according to % correct below.
Place Monge
Place de Clichy
Bolivar
Télégraphe
Buttes Chaumont
Pyrénées
Sully - Morland
Saint-Paul
Crimée
Laumière
Louis Blanc
Louise Michel
Mairie d'Ivry
Mairie d'Issy
Le Kremlin-Bicêtre
Hôpital Bicêtre
Villejuif - Léo Lagrange
Villejuif - Gustave Roussy
Porte de la Villette
Porte de la Chapelle
Jaurès
La Chapelle
Stalingrad
Colonel Fabien
Chaussée d'Antin - La Fayette
Grands Boulevards
Château-Landon
Château d'Eau
Corentin Cariou
Corentin Celton
Maison Blanche
Maisons-Alfort - Les Juilliottes
Pont Neuf
Pont Cardinet
Pont Marie
Hôtel de Ville
 
Statistiques - réponses
Réponse % Correct
Pont Marie
59%
Place Monge
58%
Villejuif - Léo Lagrange
57%
Maison Blanche
55%
Le Kremlin-Bicêtre
54%
Louis Blanc
54%
Mairie d'Ivry
54%
Stalingrad
54%
Sully - Morland
54%
Chaussée d'Antin - La Fayette
51%
Pont Neuf
51%
Corentin Cariou
50%
Crimée
50%
Porte de la Villette
49%
Château-Landon
47%
Buttes Chaumont
46%
Bolivar
43%
Jaurès
36%
Aucun quiz correspondant
Distribution des résultats
% des personnes avec chaque résultat
Percentile par nombre de réponses
Votre historique - résultats
Vous n’avez pas pris ce quiz